| 000 | 00933nam a2200205 a 4500 | ||
|---|---|---|---|
| 001 | 000014931 | ||
| 005 | 20200929163927.0 | ||
| 008 | 100127s2008 ck ac 000 0 spa d | ||
| 020 | _a9789586773775 | ||
| 040 |
_aDO-SdBNP _bspa _cBNPHU |
||
| 082 |
_a465 _bC569 |
||
| 100 | 1 |
_aCardona Prieto, Marcela _933798 |
|
| 245 | 0 | 0 |
_aCiencia del idioma y arte gramatical / _cMarcela Cardona Prieto, Nohara María Cardona, Fabio Rodríguez Páez , editor Gustavo de Elorza Martínez. |
| 260 |
_aColombia : _bZamora editores, _c2008. |
||
| 300 |
_av. 5 : _bil., retrs. ; _c27 cm + _ecd-rom |
||
| 505 | 2 |
_gv.1 : _tCompetencia lingüística -- _gv.2 : _tCompetencia escritora y sistemas de compresión -- _gv.3 : _tCompetencia literaria -- _gv.4: _tCompetencia ortográfica -- _gv.5: _tCompetencia comunicativa. |
|
| 700 | 1 | 2 |
_aElorza Martínez, Gustavo de, _eed. _933799 |
| 700 | 1 | 2 |
_aCardona, Nohora María _933800 |
| 700 | 1 | 2 |
_aRodríguez Páez, Fabio _933801 |
| 999 |
_c14511 _d14511 |
||